000 00322nam a2200145Ia 4500
008 240112s2019 xx 000 0 und d
022 _a0023-852X
041 _aeng
082 _a617.51
100 _aSTWART M. G.
245 _aTHE LARYNGOSCOPE
260 _bWILEY
_c2019
300 _a1487
_c4-6,SUP
440 _v129
999 _c1146001
_d1146001